| 000 | 01665nam a22002897a 4500 | ||
|---|---|---|---|
| 001 | 3843 | ||
| 003 | FISKH | ||
| 005 | 20240516114122.0 | ||
| 008 | 240516b cb ||||| |||| 00| 0 eng d | ||
| 020 | _a69780545767286 | ||
| 040 |
_aFISKH _beng _cFISKH _dFISKH |
||
| 050 | _aPZ7 | ||
| 082 | _a398.22 | ||
| 100 | _aCharlesworth, Liza | ||
| 245 |
_aThe three bears : _bA folk & fairytale reader / _cRetold by Liza Charlesworth ; illustrated by Ian Smith |
||
| 260 |
_aNew York : _bScholastic, _c2014. |
||
| 300 |
_a14 pages : _bcolor illustrations ; _c23 cm |
||
| 490 | _aJust-Right Leveled Readers | ||
| 505 | _aE | ||
| 520 | _aTrois ours préparent leur déjeuner. Trois ours vont se promener. Une petite fille entre dans leur maison. Ho! Ho! Les livres de la collection Toujours parfait offrent des niveaux adaptés aux besoins spécifiques de chaque lecteur. Un outil idéal pour favoriser la réussite. Les livres A-B-C sont destinés aux premiers lecteurs; les livres D-E-F, aux lecteurs débutants; et les livres G-H-I, aux lecteurs intermédiaires. Three bears make breakfast. Three bears go out. Then one girl goes in. Uh-oh! This series of books is perfect for beginner readers as they gently progress into independent reading. The nine levelled books ranging from levels A to I allow readers to improve their reading skills as the amount of text increases from one level to the next. Original title: Just Right Leveled Readers: The Three Bears | ||
| 521 | 8 |
_a270
_bLexile |
|
| 521 | 8 |
_aE
_bRaz-Plus |
|
| 650 |
_aFairy Tales _vFiction _xEasy Reader |
||
| 700 |
_aSmith, Lan _eIllustrator |
||
| 942 |
_2ddc _cBK _n0 |
||
| 999 |
_c3843 _d3843 |
||